| 000 | 00414nam a2200145Ia 4500 | ||
|---|---|---|---|
| 008 | 191206s9999 xx 000 0 und d | ||
| 020 | _a0908307365 (v. 1) | ||
| 090 | _aDT2998S65 | ||
| 245 | 0 | _aSoldiers in Zimbabwe's Liberation War | |
| 250 | _avol.1 | ||
| 260 | _aUniversity of Zimbabwe Publications | ||
| 260 | _cc1995 | ||
| 300 | _a2 v. : ill. ; 23 cm. | ||
| 999 |
_c16923 _d16923 |
||